Auditoría ciudadana sobre la calidad de la democracia. Cap. 12 /

El capítulo evalúa la calidad democrática de la opinión pública en Costa Rica entendida por el grado en que la formación de la opinión pública se realiza mediante una expresión libre, oportuna, informada y equitativa de las preferencias ciudadanas en los medios de comunicación colectiva u otros siti...

תיאור מלא

שמור ב:
מידע ביבליוגרפי
מחבר ראשי: Vargas Cullell, Jorge Luis
מחבר תאגידי: Proyecto Estado de la Nación (Costa Rica)
מחברים אחרים: dir. Villarreal, Evelyn dir Gutiérrez Saxe, Miguel dir
פורמט: Texto
יצא לאור: San José: Editorama
נושאים:
תגים: הוספת תג
אין תגיות, היה/י הראשונ/ה לתייג את הרשומה!

MARC

LEADER 00000 a a2200000 04500
001 22058
003
040
090 |a 146012  
100 |a Vargas Cullell, Jorge Luis  
110 |a Proyecto Estado de la Nación (Costa Rica)  
245 |a Auditoría ciudadana sobre la calidad de la democracia. Cap. 12 /  |c Jorge Luis Vargas Cullell 
260 |a San José:   |b Editorama  
300 |a 493 p.; vol. 2   |b **no definido**   |b fonodiscos  
520 |a El capítulo evalúa la calidad democrática de la opinión pública en Costa Rica entendida por el grado en que la formación de la opinión pública se realiza mediante una expresión libre, oportuna, informada y equitativa de las preferencias ciudadanas en los medios de comunicación colectiva u otros sitios públicos, cuyo resultado es el ejercicio de un escrutinio responsable sobre los asuntos públicos. La existencia de una opinión pública libre no es suficiente para la democracia la libertad es una condición que puede ser empleada de muchas maneras, otra condición es el pluralismo u opinión pública que refleje la diversidad política, además la opinión pública debe ser capaz de ejercer un eficaz control ciudadano sobre los asuntos públicos como un mecanismo de escrutinio público propio de la sociedad para la petición de cuentas y por último, que la opinión pública sea respetuosa de las garantías constitucionales. REV/LCL  
650 |a DEMOCRACIA  
650 |a DERECHOS CIVILES  
650 |a LIBERTADES CIVILES  
650 |a LIBERTAD DE PALABRA  
650 |a OPINION PUBLICA  
650 |a OPINION  
650 |a PARTICIPACION SOCIAL  
650 |a MEDIOS DE COMUNICACION  
700 |a dir.   |a Villarreal, Evelyn   |a dir   |a Gutiérrez Saxe, Miguel  |a dir.  
999 |c 11803  |d 11803